00181nam a2200073Ia 4500008004100000082000800041100002400049245003400073240331s9999 xx 000 0 und d bSIN asahabhagithwaya. rd 0aSinhala and Tamil Dictionary